000 00937cab a2200253 4500
001 ABS51109
008 090401t1994 xxu||||| |||| 00| 0 eng d
035 _a(Sirsi) u10620
041 _aeng
100 _aBlack, J. S.
245 _aFootball stadia developments in England and Wales: a research note
260 _c1994
350 _a0
490 _aPlanning Practice & Research
_v9(2) 1994, 129-134(6)
520 _aSets out the provisional findings of a recent survey of football clubs in the Football League, and new standards for stadia. The survey results confirm that football clubs are actively exploring development options of stadia refurbishment and relocation.
650 _aFOOTBALL STADIA
650 _aSPORTS GROUNDS ACT 1975
650 _aTAYLOR INQUIRY
690 _aBUILT ENVIRONMENT-BUILDING STANDARDS
690 _aLEISURE AND RECREATION
700 _aLloyd, M. G.
942 _n0
948 _c04/03/1997
999 _c6726
_d6726